Library Banner

The Mahabharata (Record no. 65336)

MARC details
000 -LEADER
fixed length control field 00446nam a2200181Ia 4500
001 - CONTROL NUMBER
control field 64184
008 - FIXED-LENGTH DATA ELEMENTS--GENERAL INFORMATION
fixed length control field 150204s9999 xx 000 0 und d
020 ## - INTERNATIONAL STANDARD BOOK NUMBER
International Standard Book Number 9780143100133
040 ## - CATALOGING SOURCE
Transcribing agency PK-LaUMT
082 ## - DEWEY DECIMAL CLASSIFICATION NUMBER
Classification number 294.592304521
Item number MAH-
100 ## - MAIN ENTRY--PERSONAL NAME
Personal name Debroy, Bibek
245 #4 - TITLE STATEMENT
Title The Mahabharata
Statement of responsibility, etc Debroy, Bibek
260 ## - PUBLICATION, DISTRIBUTION, ETC. (IMPRINT)
Place of publication, distribution, etc New York,USA:
Name of publisher, distributor, etc A Perigee Book,
Date of publication, distribution, etc 2010
501 ## - WITH NOTE
With note 8 vols
546 ## - LANGUAGE NOTE
Language note EN
650 ## - SUBJECT ADDED ENTRY--TOPICAL TERM
Topical term or geographic name as entry element Epic poetry-Sanskrit
942 ## - ADDED ENTRY ELEMENTS (KOHA)
Koha item type Books
Holdings
Withdrawn status Lost status Source of classification or shelving scheme Damaged status Not for loan Home library Current library Date acquired Total Checkouts Full call number Barcode Date last seen Date checked out Price effective from Koha item type
    Dewey Decimal Classification     UMT Main Campus UMT Main Campus 2015-02-04 4 294.592304521 MAH- 88138 2020-11-21 2020-11-06 2015-02-04 Books
    Dewey Decimal Classification     UMT Main Campus UMT Main Campus 2015-02-04   294.592304521 MAH- 88139 2015-02-04   2015-02-04 Books
    Dewey Decimal Classification     UMT Main Campus UMT Main Campus 2015-02-04   294.592304521 MAH- 88140 2015-02-04   2015-02-04 Books
    Dewey Decimal Classification     UMT Main Campus UMT Main Campus 2015-02-04   294.592304521 MAH- 88141 2015-02-04   2015-02-04 Books
    Dewey Decimal Classification     UMT Main Campus UMT Main Campus 2015-02-04   294.592304521 MAH- 88142 2015-02-04   2015-02-04 Books
    Dewey Decimal Classification     UMT Main Campus UMT Main Campus 2015-02-04   294.592304521 MAH- 88143 2015-02-04   2015-02-04 Books
    Dewey Decimal Classification     UMT Main Campus UMT Main Campus 2015-02-04   294.592304521 MAH- 88144 2015-02-04   2015-02-04 Books
    Dewey Decimal Classification     UMT Main Campus UMT Main Campus 2015-02-04   294.592304521 MAH- 88145 2015-02-04   2015-02-04 Books